ঢাকার স্মৃতি ১ / ১
Collection of autobiographical reminiscences of 18th-19th and early 20th century social history of Dhaka, Bangladesh, written by various Bengali writers.
| مؤلفون آخرون: | , |
|---|---|
| التنسيق: | كتاب |
| اللغة: | Bengali English |
| منشور في: |
Ḍhākā : ঢাকা
Māolā Brādārsa, মাওলা ব্রাদার্স,
2001-<2015>
|
| الموضوعات: | |
| Classic Catalogue: | View this record in Classic Catalogue |
| LEADER | 02837nam a2200601 a 4500 | ||
|---|---|---|---|
| 001 | AAL9643 | ||
| 003 | BD-DhAAL | ||
| 005 | 20180526131458.0 | ||
| 008 | 040901m20019999bg b 000 0cbeno | ||
| 999 | |c 39394 |d 39394 | ||
| 010 | |a 2004310870 | ||
| 020 | |a 9844102065 (v. 1) | ||
| 020 | |z 9844101847 (v. 2) | ||
| 020 | |a 9844103088 (v. 3) | ||
| 020 | |a 9844104181 (v. 4) | ||
| 020 | |a 9844104769 (v. 5) | ||
| 020 | |a 9844105404 (v. 6) | ||
| 020 | |a 9847015600051 (v. 7) | ||
| 020 | |a 9847015600761 (v. 8) | ||
| 020 | |a 9847015601423 (v. 9) | ||
| 020 | |a 9847015601430 (v. 10) | ||
| 020 | |a 9847015602338 (v. 11) | ||
| 020 | |a 9789849091714 (v. 14) | ||
| 020 | |a 9789849132431 (v. 15) | ||
| 020 | |a 9789849146834 (v. 16) | ||
| 025 | |a B-B-2004-310870; 21; 22 | ||
| 035 | |a (DLC) 2004310870 | ||
| 037 | |b Library of Congress -- New Delhi Overseas Office |c Tk100.00 (v. 1 : varies for each vol.) | ||
| 040 | |a DLC |c DLC |d DLC |d BD-DhAAL | ||
| 041 | 1 | |a ben |h eng | |
| 043 | |a a-bg--- | ||
| 050 | 0 | 0 | |a DS396.9.D3 |b D53 2001 |
| 082 | |a 954.9/22 | ||
| 245 | 0 | 0 | |a ঢাকার স্মৃতি ১ / |c মুনতাসীর মামুন সম্পাদিত =Munatāsīra Māmuna sampādita. |n ১ |
| 246 | 1 | |i Title on t.p. verso: |a Dhakar smriti | |
| 260 | |a Ḍhākā : |a ঢাকা |b Māolā Brādārsa, |b মাওলা ব্রাদার্স, |c 2001-<2015> | ||
| 300 | |a 126 P. ; |c 22 cm. | ||
| 500 | |a Vol. 2: translation of Memoirs of Dacca University, 1947-1951 / A.G. Stock. Dacca : Green Book House, 1973. | ||
| 504 | |a Includes bibliographical references. | ||
| 520 | |a Collection of autobiographical reminiscences of 18th-19th and early 20th century social history of Dhaka, Bangladesh, written by various Bengali writers. | ||
| 541 | |e 9643 | ||
| 546 | |a In Bengali. | ||
| 651 | 0 | |a Dhaka (Bangladesh) |x History. |9 26001 | |
| 651 | 0 | |a Dhaka (Bangladesh) |v Biography. |9 26002 | |
| 700 | 1 | |a মামুন, মুনতাসীর |d 1951- |9 26003 | |
| 700 | 1 | 2 | |a Stock, A. G. |q (Amy Geraldine), |d 1902-1988. |t Memoirs of Dacca University, 1947-1951. |l English. |9 26004 |
| 852 | |a Savar Campus Library |c General Shelf | ||
| 942 | |2 ddc |c BK | ||
| 955 | |a wd35 2008-10-21 ADDED VOLS.: v. 7-10 to ASME |a Barcode 00285782120 returned from bindery 2010-03-11 | ||
| 955 | |a v. 1-3 to RCCD wd35 2004-09-10 |a ys17 2006-05-11 RCCD/SSEA (v. 4) |c ys17 2006-05-11 |a ys13 2008-04-12 |a ys12 2008-05-03 to BCCD wd35 2007-11-19 ADDED VOLS.: v. 6 to RCCD | ||
| 955 | |c wd24 2011-09-27 ADDED VOLS.: v. 11 to Asian | ||
| 955 | |c wd45 2015-06-09 ADDED VOLS.: v. 15-16 to ASME |a cg04 2015-11-17 to Asian Div. | ||
| 952 | |0 0 |1 0 |2 ddc |4 0 |6 954_900000000000000_22_DHA |7 0 |9 63392 |a SCL |b SCL |c GEN |d 2018-05-26 |e Development Book Agency |g 100.00 |l 3 |m 3 |o 954.922 DHA |p 3020009643 |r 2026-05-08 |s 2026-04-20 |t 1 |w 2018-05-26 |y BK | ||